Statistics for Land Som Ligger Nærmest Norge - 15 Sekunder Sprint

Click here to take the quiz!

General Stats

  • This quiz has been taken 242 times
    (240 since last reset)
  • The average score is 5 of 20

Answer Stats

kmlandetmiler% Correct
0Sverige0
97%
110Danmark68
88%
0Finland0
79%
0Russland0
75%
973Island604
42%
327Tyskland203
30%
554Estland344
18%
599Latvia372
16%
575Polen357
12%
293Storbritannia182
11%
645Litauen401
9%
494Nederland307
8%
847Irland526
6%
734Belgia456
4%
579Færøyene360
1%
820Frankrike509
1%
446Grønland277
1%
914Hviterussland568
1%
870Luxembourg541
1%
879Tsjekkia546
0%

Score Distribution

Percentile by Number Answered

Percent of People with Each Score

Your Score History

You have not taken this quiz since the last reset